Actors by Last Name - Statistics

General Stats
  • This quiz has been taken 107 times
    64 since last reset
  • The average score is 102 of 176
Answer Stats
First Name Last Name % Correct
Tom Cruise | Hiddleston | Holland
100%
Chris Evans | Hemsworth | O'Dowd | +2 others
98%
Jean Reno
95%
Jennifer Aniston | Connelly | Lawrence
95%
Robert Downey Jr.
95%
Samuel L Jackson
95%
Scarlett Johansson
95%
Anne Hathaway
93%
Carrie-Anne Moss
93%
John Candy | Cena | Cho | +3 others
93%
Brad Pitt
91%
Mark Hamill | Ruffalo | Wahlberg
91%
Ryan Gosling | Reynolds
91%
Angelina Jolie
89%
Ben Affleck | Stiller
89%
George Clooney
89%
Emma Stone | Thompson | Watson
86%
James Corden
86%
Margot Robbie
86%
Matt Damon | LeBlanc
86%
Cameron Boyce | Diaz
84%
Jim Carrey
84%
Leonardo DiCaprio
84%
Natalie Portman
84%
Anna Kendrick | Paquin
82%
Ariana Grande | Greenblatt
82%
Kate Mara | Winslet
82%
Alec Baldwin
80%
Benedict Cumberbatch
80%
Hugh Jackman
80%
Morgan Freeman
80%
Julia Louis-Dreyfus | Roberts
77%
Paul Bettany | Rudd
77%
Steve Carell
77%
Drew Barrymore
75%
Jamie Foxx
75%
Jessica Alba
75%
Andrew Garfield
73%
Daniel Radcliffe
73%
Henry Cavill
73%
Jared Leto
73%
Keanu Reeves
73%
Jackie Chan
70%
Sandra Bullock
70%
Sean Astin | Harris
70%
Anthony Hopkins | Mackie | Ramos
68%
Helen Mirren
68%
Jeremy Renner
68%
Catherine O'Hara | Zeta-Jones
66%
Christian Bale
66%
Don Cheadle
66%
Gwyneth Paltrow
66%
Harrison Ford
66%
Zoe Saldaña
66%
Ana de Armas
64%
Cate Blanchett
64%
Charlize Theron
64%
Ian McKellen
64%
Lucy Liu
64%
Reese Witherspoon
64%
Timothee Chalamet
64%
Blake Lively
61%
Michael Peña
61%
Amanda Seyfried
59%
Dave Bautista
59%
Emily Blunt
59%
Helena Bonham Carter
59%
Jude Law
59%
Sam Worthington
59%
Florence Pugh
57%
Julie Andrews
57%
Kristen Stewart
57%
Kristin Chenoweth
57%
Rachel McAdams
57%
Elle Fanning
55%
Dwayne Johnson
52%
Tobey Maguire
52%
Chadwick Boseman
50%
Christopher Plummer
50%
Eddie Murphy
50%
Jeff Bridges
50%
Woody Harrelson
50%
Dakota Fanning
48%
Donald Sutherland
48%
Jesse Eisenberg
48%
Macauley Culkin
48%
Simon Pegg
48%
Josh Gad
45%
Owen Wilson
45%
Laurence Fishburne
43%
Rebecca Ferguson | Romijn
43%
Sebastian Stan
41%
Amy Adams
39%
Martin Freeman
39%
Evangeline Lilly
36%
Hugo Weaving
36%
Lupita Nyong'o
36%
Patrick Stewart
36%
Sigourney Weaver
36%
Hailee Steinfeld
34%
Hayley Atwell
34%
Elijah Wood
32%
Idina Menzel
32%
Michelle Monaghan | Rodriguez
30%
Robin Wright
30%
Asa Butterfield
27%
Luke Wilson
27%
Miles Teller
27%
Ving Rhames
27%
Bernie Mac
25%
Daisy Ridley
25%
Ella Purnell
23%
Jonathan Groff | Majors
23%
Maggie Smith
23%
Pom Klementieff
23%
Glen Powell
20%
Meg Donnelly
20%
Michael B Jordan
20%
Lin-Manuel Miranda
18%
Chiwetel Ejiofor
16%
Dove Cameron
16%
Jacob Batalon
16%
Kaitlyn Dever
16%
Dane DeHaan
14%
McKenna Grace
14%
Olga Kurylenko
14%
Chloe Coleman
11%
Lea Salonga
11%
Robyn Rihanna Fenty
11%
Daveed Diggs
9%
Hannah John-Kamen
9%
Lewis Pullman
9%
Naomi Scott
9%
Sofia Carson
9%
Kathryn Newton
7%
Letitia Wright
7%
Milo Manheim
7%
Phillipa Soo
5%
Renee Elise-Goldsberry
5%
Mitchell Hope
2%
Nora Lum
2%
Nora "Awkwafina" Lum
2%
Booboo Stewart
0%
No matching quizzes found
Score Distribution
Percent of People with Each Score
Percentile by Number Answered
Your Score History
You have not taken this quiz since the last reset